000 00936nam a22002897a 4500
001 BR8006273
003 BR-BrBNA
005 20230928090802.0
007 ta
008 230509b bl.||||| |||| 00| 0 por d
040 _aBR-BrBNA
_bpor
_cBiblioteca Nacional de Agricultura
041 _a(Por)
072 _aE15; C00
_b/G514
090 _ E15 BR8006273
110 1 _aEmpresa de Assistencia Tecnica e Extensao Rural do Estado do Maranhao, Sao Luis (Brasil)
_94038
245 1 _aEncontro EMATER/80. Programas de diretrizes memoria do encontro [Empresa de Assistencia Tecnica e Extensao Rural do Estado do Maranhao, Brasil]
260 3 _aSao Luis, MA (Brasil):
_c1980.
300 _a52 p.
500 _a2 graphs; 6 tables
650 _aPLANEJAMENTO AGRICOLA
650 _aEXTENSAO RURAL
650 _aDIRETRIZ
650 _aASSISTENCIA TECNICA
650 _aMARANHAO
909 _a202309
_bLucia
_c55
_dLucia Elande
942 _cBK
999 _c30527
_d30527